000 00787nam a2200217 a 4500
005 20251009104649.0
008 251009t 2018my ||||| |||| 00| 0 eng d
020 _a9789671540909
040 _aAKMAL
082 0 4 _a658.4 AMB
090 0 0 _a658.4
_bAMB
100 0 _aAmbrin Buang,
_9455
245 1 4 _aTHE FLINTSTONES MANAGEMENT :
_bFIND OUT HOW INTEGRITY AND COMPASSION CAN BOOST YOUR ORGANISATION /
_cAMBRIN BUANG, LEOW CHEE SENG ; Edited by: Vincent Leong
264 1 _aKuala Lumpur :
_bHumanology Sdn Bhd,
_c2018
300 _a iv, 290 pages :
_bcolour photographs ;
_c21cm
650 1 0 _aCorporate governance
_99615
650 2 0 _aOrganizational behavior
_9565
700 1 _aLeow, Chee Seng,
_d1976-
_eauthor.
_99616
700 1 _aLeong, Vincent,
_eeditor.
_99617
942 _2ddc
_cBOOK
999 _c5038
_d5038